| 000 | 00543nam a2200181Ia 4500 | ||
|---|---|---|---|
| 008 | 090124s9999 xx 000 0 und d | ||
| 082 | _b13046 | ||
| 100 | _aललगूणकर रमेश | ||
| 245 | _a कॉलनी लाईफ | ||
| 250 | _a1 | ||
| 260 |
_bनेत्रा प्रकाशन _c1980 |
||
| 300 | _a131 | ||
| 600 | _aललगूणकर रमेश | ||
| 630 | _a कॉलनी लाईफ | ||
| 700 | _aललगूणकर रमेश | ||
| 730 | _a कॉलनी लाईफ | ||
| 942 | _cBOOK | ||
| 999 |
_c87357 _d87357 |
||